|
|
|
|
| LEADER |
00963nam a22002537a 4500 |
| 001 |
42579 |
| 003 |
BD-DhAAL |
| 005 |
20240514164121.0 |
| 008 |
240514t2004 nyua|||| |||| 00| 0 eng d |
| 040 |
|
|
|a BD-DhAAL
|d BD-DhAAL
|
| 082 |
|
|
|a 051
|2 23
|
| 245 |
|
|
|a Time,
|b Jul-Dec 2004.
|
| 246 |
|
|
|i Popularly known as :
|a Time magazine
|
| 264 |
|
|
|a New York :
|b Time Inc.
|c 2004.
|
| 300 |
|
|
|a v. :
|b color illustrations ;
|c 27 cm.
|
| 362 |
|
|
|a Vol 163, no. 1-25
|
| 500 |
|
|
|a This book contains volume 163, no. 1-25.
|
| 541 |
|
|
|a International Book Agency
|e 42580
|
| 650 |
|
|
|a World politics
|y 20th century
|v Periodicals.
|9 56372
|
| 650 |
|
|
|a World politics
|y 21st century
|v Periodicals.
|9 56373
|
| 852 |
|
|
|a Ayesha Abed Library
|c Reference Section
|
| 942 |
|
|
|2 ddc
|c BK
|
| 999 |
|
|
|c 46627
|d 46627
|
| 952 |
|
|
|0 0
|1 0
|2 ddc
|4 0
|6 051_000000000000000_TIM
|7 1
|9 75464
|a BRACUL
|b BRACUL
|c REF
|d 2024-05-14
|e World Book Agency
|l 0
|o 051 TIM
|p 3010042579
|r 2024-05-14
|t 1
|w 2024-05-14
|y BK
|x World Book Agency
|